00479nam a22001697a 4500008004100000040001800041041000800059100002100067245003900088260005000127300001800177500002100195600004200216650001200258650002300270650001600293130821s1930 sp gr spa  aCo-BoUCMbspa00aspa aHoffding, Harald00aSoren KierkegaardcHarald Hoffding aMadrid (España)bRevista de Occidentec1930 a226 páginas aIncluye índice aKierkegaard, Sören Aabyed1813-185504aÉtica04aFilosofía danesa04aFilosofía